| 000 | 00902nam a22002417a 4500 | ||
|---|---|---|---|
| 003 | OSt | ||
| 005 | 20240604051810.0 | ||
| 008 | 240604b |||||||| |||| 00| 0 eng d | ||
| 020 | _a9781586835200 | ||
| 040 |
_aDWCL-Main lib. _cOC |
||
| 082 | _aRes. 025.11 F973s 2010 | ||
| 100 | _aFullner, Sheryl Kindle | ||
| 245 | _aThe shoestring library / | ||
| 260 |
_aSanta Barbara, California : _bLinworth, _cc2010. |
||
| 300 |
_axv, _b139 pages : b & w illustrations ; _c28 cm. |
||
| 504 | _aIncludes index. | ||
| 650 | _a1. Library finance–United States–Handbooks, manuals, etc. | ||
| 650 | _a2. School library finance–United States–Handbooks, manuals, etc. | ||
| 650 | _a 3. Library fund raising–United States–Handbooks, manuals, etc. | ||
| 650 | _a4. Library buildings–Energy conservation–United States– I. | ||
| 700 | _aSheryl Kindle Fullner | ||
| 942 |
_2ddc _n0 _cBK-CIRC _kRes. |
||
| 999 |
_c115 _d115 |
||